[Event "8th Open ch-Bajmok"]
[Site "Bajmok SCG"]
[Date "2006.01.04"]
[Round "8"]
[White "Kovac,Z"]
[Black "Pletl,A"]
[Result "1/2-1/2"]
[WhiteElo "2059"]
[BlackElo "2131"]

1.Nf3 Nf6 2.g3 g6 3.Bg2 Bg7 4.c4 O-O 5.Nc3 d6 6.O-O e5 7.d3 c6 8.e4 Nh5 9.Nh4 Nf4
10.gxf4 Qxh4 11.fxe5 dxe5 12.f4 Bg4 13.Qe1 Qxe1 14.Rxe1 Rd8 15.Bf1 Na6 16.h3 Bh5
17.Be3 Nb4 18.Rac1 Nxd3 19.Bxd3 Rxd3 20.fxe5 Bxe5 21.Kf2 Rad8 22.Ne2 Bxe2
23.Rxe2 b6 24.b3 R8d6 25.Kg2 Kg7 26.c5 bxc5 27.Rxc5 Rxe3 28.Rxe3 Bd4 29.Rec3 Bxc5
30.Rxc5 Rd2+ 31.Kf3 Rxa2 32.Rxc6 Ra3 33.Rc3 a5 34.Re3 Kf6 35.Kf4 Ke6 36.h4 h6
37.Rg3 Ra1 38.Rc3 Rf1+ 39.Kg3 Ke5 40.Rc5+ Kxe4 41.Rxa5 Rf3+ 42.Kg2 Rxb3 43.Ra7 f6
44.h5 gxh5 45.Rh7 Kf5 46.Rxh6 Kg5 47.Rh8 Kg4 48.Rg8+ Kf4 49.Rh8 Rg3+ 50.Kh2 Rg5
51.Rh6 f5 52.Kh3 Kf3 53.Ra6 Rg4 54.Rh6 h4 55.Ra6 Kf4 56.Ra4+ Kg5 57.Ra3 Re4
58.Rb3 Re2 59.Ra3 Kf4 60.Ra4+ Re4 61.Ra8 Kf3 62.Ra2 Re2 63.Ra3+ Re3 64.Ra2 Re2
65.Ra3+ Kf4 66.Ra4+ Kg5 67.Ra3 f4 68.Ra5+ Kf6 69.Kxh4 Rg2 70.Kh3 Rg5 71.Rxg5  1/2-1/2

[Event "14th Bieze"]
[Site "Arnhem NED"]
[Date "2006.01.07"]
[Round "1"]
[White "Fridman,D2"]
[Black "Smits,S"]
[Result "1/2-1/2"]
[WhiteElo "2564"]
[BlackElo "2029"]

1.Nf3 Nf6 2.c4 g6 3.g3 Bg7 4.Bg2 O-O 5.d4 d6 6.Nc3 Nc6 7.O-O e5 8.dxe5 dxe5
9.Qxd8 Rxd8 10.Bg5 Be6 11.Nd2 h6 12.Bxf6 Rxd2 13.Bxg7 Kxg7 14.b3 Rad8 15.e3 f5
16.Nb5 e4 17.Nxc7 Bf7 18.Nb5 a6 19.Nc3 Rc2 20.Rfc1 Rdd2 21.Rxc2 Rxc2 22.Nd5 b5
23.Bf1 bxc4 24.bxc4 a5 25.a3 Ne5 26.Nb6 Nxc4 27.Nxc4 Bxc4 28.Bxc4 Rxc4 29.Rb1 Rc3
30.a4 Ra3 31.h4 Rxa4 32.Rb7+ Kf6 33.Rb6+ Kg7 34.Rb7+ Kf6 35.Rb6+  1/2-1/2

[Event "Xstrata ch-AUS 2006"]
[Site "Brisbane AUS"]
[Date "2006.01.07"]
[Round "9"]
[White "Pyke,M"]
[Black "Guthrie,A"]
[Result "1-0"]
[WhiteElo "2126"]
[BlackElo "2257"]

1.c4 Nf6 2.Nf3 g6 3.g3 Bg7 4.Bg2 O-O 5.d4 d6 6.O-O Nc6 7.d5 Na5 8.Nfd2 c5
9.Nc3 Rb8 10.Rb1 a6 11.Qc2 b5 12.b3 e6 13.Bb2 bxc4 14.bxc4 exd5 15.Nxd5 Bf5
16.e4 Be6 17.Bxf6 Rxb1 18.Bxd8 Rxf1+ 19.Bxf1 Rxd8 20.Qa4 Nb7 21.Qxa6 Bxd5
22.cxd5 Rd7 23.Bb5 Re7 24.Qa8+ Bf8 25.Bc6 c4 26.Nxc4 Rxe4 27.Qxb7 Rxc4 28.Be8 Rc1+
29.Kg2  1-0

[Event "Open"]
[Site "Verona ITA"]
[Date "2006.01.07"]
[Round "7"]
[White "Rotstein,A"]
[Black "Gourlay,I"]
[Result "1-0"]
[WhiteElo "2528"]
[BlackElo "2363"]

1.Nf3 Nf6 2.c4 g6 3.g3 Bg7 4.Bg2 O-O 5.d4 d6 6.O-O Nbd7 7.Qc2 e5 8.Rd1 Qe7
9.Nc3 c6 10.e4 exd4 11.Nxd4 Nc5 12.Rb1 a5 13.b3 Re8 14.f3 Nfd7 15.Bb2 h5
16.h3 h4 17.g4 Ne5 18.Nce2 Bh6 19.Qc3 Bg7 20.f4 Nxg4 21.hxg4 Bxg4 22.Re1 Nxe4
23.Nxc6 Qf8 24.Qxg7+ Qxg7 25.Bxg7 bxc6 26.Ba1 Nd2 27.Rbd1 Nf3+ 28.Bxf3 Bxf3
29.Kf2 Bg4 30.Rxd6 Re4 31.Be5  1-0

[Event "4th I.Platonov Mem"]
[Site "Kyiv UKR"]
[Date "2006.01.08"]
[Round "1"]
[White "Matorin,E"]
[Black "Lutsko,I"]
[Result "1-0"]
[WhiteElo "2294"]
[BlackElo "2487"]

1.Nf3 Nf6 2.c4 g6 3.g3 Bg7 4.Bg2 O-O 5.O-O d6 6.d4 Nbd7 7.Nc3 e5 8.h3 exd4
9.Nxd4 Re8 10.b3 Nc5 11.Qc2 Bd7 12.Bb2 Qc8 13.Kh2 Re5 14.h4 Rh5 15.Nd5 Nxd5
16.cxd5 g5 17.Nf3 Bf5 18.Qc1 gxh4 19.Nxh4 Bxb2 20.Qxb2 Be4 21.Bh3 Qf8 22.b4 Na4
23.Qd4 Re8 24.Bd7 Qe7 25.f3 Qxd7 26.fxe4 Qg4 27.Qf6 Qg7 28.Qf3 Ree5 29.Rac1 f6
30.Qxf6 Qxf6 31.Rxf6 Re7 32.Kg2 Nb6 33.Nf5 Rd7 34.Re6 Kf8 35.g4 Rg5 36.Nh6 Rg6
37.Rf1+ Kg7 38.Nf5+ Kh8 39.Kg3 Nc4 40.Rh1 Ne5 41.Re8+ Rg8 42.Rxg8+ Kxg8 43.Kf4 Rf7
44.Rh6 Ng6+ 45.Kg5 Rf8 46.Rh3 Rd8 47.Rc3 Rd7 48.Nd4 Ne5 49.Ne6 c6 50.Rc1 Rf7
51.Rd1 Rf2 52.dxc6 bxc6 53.Nd4 Rg2 54.Kf5 Nxg4 55.Rc1 Ne5 56.Nxc6 Rf2+ 57.Ke6 Nxc6
58.Rxc6 Rxe2 59.Rc4 Rxa2 60.Kxd6 Ra6+ 61.Ke7 Kg7 62.e5 h5 63.e6 Ra1 64.Ke8 Kf6
65.e7 Re1 66.Rc6+ Kg7 67.Rc4 Kf6 68.Rf4+ Ke5 69.Rf7 Kd6 70.Kf8  1-0

[Event "Open"]
[Site "Verona ITA"]
[Date "2006.01.08"]
[Round "8"]
[White "Gourlay,I"]
[Black "Miatello,A"]
[Result "1-0"]
[WhiteElo "2363"]
[BlackElo "2077"]

1.Nf3 Nf6 2.g3 g6 3.Bg2 Bg7 4.c4 O-O 5.Nc3 d6 6.O-O e5 7.d3 Nc6 8.Rb1 Nh5
9.b4 f5 10.b5 Ne7 11.Qb3 Kh8 12.Ba3 h6 13.c5 Rf6 14.cxd6 cxd6 15.Nd2 g5 16.Nc4 Bf8
17.Nxd6 Rxd6 18.Bxd6 Qxd6 19.Qf7 Ng6 20.Bd5 Nf6 21.Qxg6 Nxd5 22.Qxd6 Bxd6
23.Nxd5 b6 24.Rfc1 Bc5 25.Nc7 Rb8 26.Na6 Bxa6 27.bxa6 Rd8 28.a4 Rd4 29.a5 Ra4
30.axb6 Bxb6 31.Ra1 Rd4 32.Rc6  1-0

[Event "Keres Mem Women"]
[Site "Tallin EST"]
[Date "2006.01.10"]
[Round "4"]
[White "Piarnpuu,L"]
[Black "Daulyte,D"]
[Result "1/2-1/2"]
[WhiteElo "2174"]
[BlackElo "2244"]

1.Nf3 Nf6 2.c4 g6 3.g3 Bg7 4.Bg2 O-O 5.d4 d6 6.O-O Nc6 7.Nc3 Bf5 8.d5 Na5
9.Nd2 c5 10.e4 Bg4 11.Qc2 a6 12.f3 Bd7 13.b3 b5 14.Rb1 Rb8 15.Kh1 Qc8 16.Ne2 h5
17.Bb2 Qc7 18.Nf4 Rb7 19.Rfe1 bxc4 20.bxc4 Rfb8 21.Bc3 Ne8 22.Bxg7 Kxg7 23.Rxb7 Rxb7
24.Rb1 Rxb1+ 25.Qxb1 Qb7 26.Qxb7 Nxb7 27.Kg1 Nf6 28.Kf2 Kf8 29.Ke3 Ke8 30.Bh3  1/2-1/2

[Event "Keres Mem Women"]
[Site "Tallin EST"]
[Date "2006.01.12"]
[Round "8"]
[White "Piarnpuu,L"]
[Black "Tsiganova,M"]
[Result "0-1"]
[WhiteElo "2174"]
[BlackElo "2282"]

1.Nf3 Nf6 2.c4 g6 3.g3 Bg7 4.Bg2 O-O 5.d4 c6 6.O-O d5 7.cxd5 cxd5 8.Nc3 Nc6
9.Ne5 Be6 10.f4 Qb6 11.e3 Na5 12.Na4 Qb5 13.b3 Rac8 14.Nc5 Rxc5 15.dxc5 Qxc5
16.Qd4 Qc7 17.Bb2 Ng4 18.Qd2 Nxe5 19.Bxe5 Bxe5 20.fxe5 Nc6 21.Qc3 Qxe5 22.Qxe5 Nxe5
23.Rac1 Nc6 24.Rfd1 Rd8 25.Rc5 Kg7 26.Rd2 f5 27.a3 Bf7 28.b4 Kf6 29.Kf2 Rd6
30.Ke1 b6 31.Rc1 Ne5 32.Rc7 Nc4 33.Rd3 a5 34.bxa5 bxa5 35.Rc5 a4 36.Ke2 Nb6
37.Rdc3 Be8 38.Ra5 g5 39.Rcc5 Ke5 40.Ra7 Bd7 41.Kd3 h5 42.Ra6 e6 43.Bf3 g4
44.Bd1 Nc4 45.Rxd6 Kxd6 46.Rxc4 Bb5 47.Kc3 dxc4 48.Kb4 Bc6 49.Kxc4 Ke5 50.Bc2 Bd7
51.Kc5 Be8 52.Kb4 h4 53.gxh4 f4 54.exf4+ Kxf4 55.Kc3 e5 56.Kd2 e4 57.h5 Bxh5
58.Bxa4 Kf3 59.Bc6 Bg6 60.a4 Kf2 61.Bb5 e3+ 62.Kc3 Be8  0-1

[Event "Open"]
[Site "Zagreb CRO"]
[Date "2006.01.14"]
[Round "1"]
[White "Nikolac,J"]
[Black "Starcevic,K"]
[Result "1-0"]
[WhiteElo "2416"]
[BlackElo "2070"]

1.Nf3 Nf6 2.c4 g6 3.g3 Bg7 4.Bg2 O-O 5.O-O d6 6.Nc3 e5 7.d3 Nc6 8.Rb1 a5
9.a3 Bd7 10.b4 axb4 11.axb4 Qc8 12.b5 Nd4 13.Ng5 h6 14.Nge4 Nh5 15.Nd5 Kh7
16.e3 f5 17.exd4 fxe4 18.Bxe4 Nf6 19.Ne7 Qe8 20.Nxg6 Nxe4 21.Nxf8+ Qxf8 22.dxe4 Bh3
23.d5 Ra4 24.Re1 Rxc4 25.Qh5 Bd7 26.Bd2 Rc2 27.Be3 Rc4 28.Rec1 Rxc1+ 29.Rxc1 Qd8
30.Qf7 Kh8 31.b6 cxb6 32.Bxb6 Qxb6 33.Qxd7 Qb2 34.Rc8+  1-0

[Event "Open A"]
[Site "Prague CZE"]
[Date "2006.01.18"]
[Round "7"]
[White "Sikora Lerch,J"]
[Black "Stubberud,O"]
[Result "1/2-1/2"]
[WhiteElo "2313"]
[BlackElo "2095"]

1.c4 Nf6 2.g3 g6 3.Bg2 Bg7 4.Nf3 O-O 5.Nc3 d6 6.O-O e5 7.d4 Nbd7 8.b3 Re8
9.Qc2 exd4 10.Nxd4 a6 11.Bb2 Rb8 12.Rad1 c5 13.Nf3 Qe7 14.Qd2 Bf8 15.Ng5 Bh6
16.h4 b5 17.cxb5 axb5 18.Qxd6 Rb6 19.Qxe7 Rxe7 20.Nge4 Ba6 21.Nd5 Nxd5 22.Rxd5 f5
23.Nxc5 Nxc5 24.Rxc5 Rxe2 25.Bd5+ Kf8 26.Bd4 Rd6 27.Bc3 Rxa2 28.Bb4 Bd2 29.Rc2 Rxc2
30.Bxd6+ Ke8 31.Kg2 Kd7 32.Bf8 Be3 33.b4 Rd2 34.Bg8 Bb7+ 35.Kg1 h6 36.Bf7 f4
37.Bxh6 Be4 38.Bxf4 Bxf4 39.gxf4 Rd4 40.Kh2 Ke7 41.Ba2 Rxb4 42.Kg3 Kf6 43.f3 Bf5
44.Rd1 Kg7 45.Bd5 Rb1 46.Rd2 Rg1+ 47.Kh2 Rc1 48.Be4 Rc5 49.Kg3 b4 50.Bxf5 Rxf5
51.Rb2 Rb5 52.Kg4 Kf6 53.Rb3 Rb6 54.f5 gxf5+  1/2-1/2

[Event "14th FAJR Open"]
[Site "Tehran IRI"]
[Date "2006.01.25"]
[Round "2"]
[White "Shafaee,H"]
[Black "Babaev,Ra"]
[Result "0-1"]
[WhiteElo "2147"]
[BlackElo "2473"]

1.Nf3 Nf6 2.c4 g6 3.g3 Bg7 4.Bg2 O-O 5.O-O d6 6.Nc3 Nc6 7.b3 e5 8.Bb2 Bf5
9.Rc1 Qd7 10.d4 e4 11.d5 Ne7 12.Nd4 Bh3 13.Qc2 Bxg2 14.Kxg2 Rfe8 15.Rcd1 Nf5
16.Nxf5 Qxf5 17.Nb5 Qd7 18.h3 h5 19.Bd4 a6 20.Nc3 Qf5 21.Qb2 Re7 22.Rd2 Ne8
23.Nd1 Bxd4 24.Qxd4 Ng7 25.Ne3 Qd7 26.g4 Rae8 27.Rg1 Kh7 28.Qf6 Re5 29.Rd4 Rh8
30.Kh1 b6 31.Qf4 Qe7 32.Rdd1 Kg8 33.Nc2 Qh4 34.Rg3 Nf5 35.Rc3 hxg4 36.Nd4 gxh3
37.Qxh4 Rxh4 38.Nc6 Re8 39.Kg1 e3 40.Rf1 h2+ 41.Kh1 Kg7 42.Nb4 a5 43.Nc2 exf2
44.Rxf2 Reh8 45.Rg2 Rh3 46.Rxh3 Rxh3 47.Rxh2 Ng3+  0-1

[Event "Bundesliga 2005-6"]
[Site "Kreuzberg GER"]
[Date "2006.01.28"]
[Round "8"]
[White "Thiede,L"]
[Black "Bromberger,S"]
[Result "1/2-1/2"]
[WhiteElo "2460"]
[BlackElo "2481"]

1.g3 Nf6 2.c4 g6 3.Bg2 Bg7 4.Nf3 O-O 5.O-O d6 6.Nc3 e5 7.d3 Nc6 8.Rb1 h6
9.b4 Be6 10.b5 Ne7 11.Qb3 Qc8 12.a4 g5 13.Ba3 Re8 14.a5 Bf8 15.Rfc1 Nf5 16.e4 Ng7
17.d4 exd4 18.Nxd4 Bh3 19.Bh1 Nd7 20.Re1 Ne6 21.Nf5 Nec5 22.Qc2 a6 23.Bb4 Nf6
24.Ne3 c6 25.bxc6 bxc6 26.Bxc5 dxc5 27.Bg2 Ra7 28.Bxh3 Qxh3 29.Rb6 Nd7 30.Rxc6 Bg7
31.f4 gxf4 32.gxf4 Bd4 33.Nd5 Kh8 34.Kh1 Rg8 35.Qe2 Rb7 36.Qf1 Qh5 37.Nf5 f6
38.Nxd4 cxd4 39.Nb6 Nxb6 40.Rxb6 Rbg7 41.Rb3 Rg4 42.Qf2 Qxa5 43.Rh3 Kh7 44.e5 Qc7
45.Qxd4 Qb7+  1/2-1/2

[Event "ch-Serbia"]
[Site "Vrnjacka Banja SCG"]
[Date "2006.01.30"]
[Round "1"]
[White "Tadic,B"]
[Black "Djokic,Neb"]
[Result "1-0"]
[WhiteElo "2491"]
[BlackElo "2253"]

1.Nf3 Nf6 2.c4 g6 3.g3 Bg7 4.Bg2 O-O 5.O-O d6 6.d4 Nc6 7.Nc3 a6 8.e4 Bg4
9.Be3 Rb8 10.h3 Bd7 11.Rb1 Na5 12.Nd2 b5 13.cxb5 axb5 14.b4 Nc6 15.d5 Ne5
16.Qc2 Qc8 17.f4 Nc4 18.Nxc4 bxc4 19.Kh2 c6 20.dxc6 Bxc6 21.b5 Ba8 22.Rfc1 Rd8
23.Ba7 Rb7 24.Bf2 Qe6 25.a4 d5 26.exd5 Qc8 27.Rd1 Rbd7 28.Bb6 Re8 29.a5 Qb8
30.Bd4 Red8 31.a6 Nxd5 32.Bxd5 Bxd5 33.Bxg7 Kxg7 34.Nxd5 Rxd5 35.Rxd5 Rxd5
36.b6 Qd6 37.Rb2 Rd1 38.b7  1-0

[Event "Open"]
[Site "Moscow RUS"]
[Date "2006.02.01"]
[Round "4"]
[White "Novikov,St"]
[Black "Gladyszev,O"]
[Result "1/2-1/2"]
[WhiteElo "2520"]
[BlackElo "2427"]

1.Nf3 Nf6 2.c4 g6 3.g3 Bg7 4.Bg2 O-O 5.O-O c6 6.d4 d6 7.Nc3 Nbd7 8.e4 e5
9.h3 Qb6 10.Re1 exd4 11.Nxd4 Ne8 12.Nb3 a5 13.Be3 Qb4 14.Nd4 a4 15.a3 Qa5
16.Qc2 Nc5 17.Rad1 Nf6 18.Bf4 Rd8 19.Bf1 Nh5 20.Bg5 Re8 21.Be3 Nf6 22.Bf4 Qc7
23.g4 Nfd7 24.Bg3 Ne5 25.f4 Ned7 26.Nf3 Qb6 27.Bf2 Qb3 28.Qc1 Bf8 29.e5 dxe5
30.fxe5 Qb6 31.Ne4 Qc7 32.Nd6 Nxe5 33.Nxe8 Nxf3+ 34.Kg2 Nxe1+ 35.Rxe1 Qd8
36.Qe3  1/2-1/2

[Event "ch-CZE"]
[Site "Brno CZE"]
[Date "2006.02.07"]
[Round "1"]
[White "Jirovsky,M"]
[Black "Kalod,R"]
[Result "1-0"]
[WhiteElo "2476"]
[BlackElo "2502"]

1.Nf3 Nf6 2.c4 g6 3.g3 Bg7 4.Bg2 O-O 5.O-O d5 6.cxd5 Nxd5 7.Nc3 Nb6 8.d4 Nc6
9.d5 Na5 10.Qc2 c6 11.dxc6 Nxc6 12.Rd1 Bf5 13.e4 Bd7 14.Bh3 Qc8 15.Bxd7 Nxd7
16.Nd5 Re8 17.Bf4 e5 18.Be3 Nf6 19.Kg2 Nxd5 20.exd5 e4 21.Ng5 Nb4 22.Qb3 Nc2
23.d6 Nxe3+ 24.fxe3 Qd7 25.Rac1 Rac8 26.Nxf7 Rxc1 27.Ne5+ Qe6 28.d7 Rc2+
29.Kg1  1-0

[Event "Festival de Meurthe-et-Moselle B"]
[Site "Nancy FRA"]
[Date "2006.02.24"]
[Round "7"]
[White "Koch,HJ"]
[Black "Carrillo,J"]
[Result "1/2-1/2"]
[WhiteElo "2235"]
[BlackElo "2175"]

1.Nf3 Nf6 2.g3 g6 3.Bg2 Bg7 4.c4 O-O 5.O-O d6 6.Nc3 e5 7.d3 Nc6 8.Rb1 h6
9.b4 Be6 10.b5 Ne7 11.a4 Qd7 12.Nd2 Rab8 13.Nde4 Nxe4 14.Nxe4 f5 15.Nc3 f4
16.Ba3 b6 17.Nd5 Nxd5 18.cxd5 Bh3 19.Rc1 Bxg2 20.Kxg2 Rf7 21.f3 h5 22.Rc4 Re8
23.Qb3 Qf5 24.Bb4 g5 25.Re4 Ree7 26.Qc4 Bf8 27.Bd2 Rg7 28.e3 Qg6 29.d4 fxg3
30.dxe5 gxh2 31.e6 Rh7 32.Kxh2 Bg7 33.Kg2 Qf5 34.Rh1 Be5 35.Qc2 Re8 36.Rc4 Qf6
37.Qe4 Rf8 38.Rg1 h4 39.Rh1 h3+ 40.Kf2 Rh4 41.f4 gxf4 42.exf4 Bxf4 43.Bxf4 Rxf4+
44.Qxf4 Qh4+ 45.Kf3 Qh5+ 46.Kg3 Rxf4 47.Rxf4 Qxd5 48.Rxh3 Qxe6 49.Rg4+ Kf7
50.Rh7+ Kf8 51.Rh8+ Kf7 52.Rh7+ Kf8 53.Rh8+ Kf7 54.Rf4+ Ke7 55.Rh3 Qe1+ 56.Kg4 Qe6+
57.Kh4  1/2-1/2

[Event "2nd ch-SCG"]
[Site "Pancevo SCG"]
[Date "2006.02.27"]
[Round "1"]
[White "Tadic,B"]
[Black "Djukic,Ni"]
[Result "1/2-1/2"]
[WhiteElo "2491"]
[BlackElo "2523"]

1.Nf3 Nf6 2.c4 g6 3.g3 Bg7 4.Bg2 O-O 5.O-O d6 6.d4 Nc6 7.Nc3 a6 8.h3 Bd7
9.e4 e5 10.dxe5 dxe5 11.Be3 Be6 12.b3 Qxd1 13.Rfxd1 Rac8 14.Ng5 h6 15.Nxe6 fxe6
16.Rd2 Nd4 17.c5 Nd7 18.Ne2 Nxe2+ 19.Rxe2 Nb8 20.b4 Nc6 21.Rb2 Nd4 22.Bf1 c6
23.Kg2 Rfd8 24.Rd1 Kf7 25.Bc4 Nc2 26.Rf1  1/2-1/2

[Event "70th ch-BUL"]
[Site "Svilengrad BUL"]
[Date "2006.03.07"]
[Round "9"]
[White "Janev,E"]
[Black "Iotov,V"]
[Result "0-1"]
[WhiteElo "2494"]
[BlackElo "2420"]

1.Nf3 Nf6 2.g3 g6 3.Bg2 Bg7 4.c4 O-O 5.O-O c5 6.Nc3 d5 7.d3 Nc6 8.cxd5 Nxd5
9.Bd2 Nxc3 10.bxc3 Rb8 11.Rb1 b6 12.Qc1 Bb7 13.Bh6 Qd7 14.Rd1 e5 15.Bxg7 Kxg7
16.Qb2 Rfd8 17.h4 Qe7 18.d4 cxd4 19.cxd4 exd4 20.e3 Qf6 21.exd4 Ne7 22.Ng5 Bxg2
23.Kxg2 Rd7 24.Rd2 Rbd8 25.Rbd1 Nd5 26.Rc1 Qf5 27.a4 h6 28.Nh3 Qe4+ 29.Kh2 Nf6
30.Rcd1 g5 31.Qc3 Rd5 32.Qd3 gxh4 33.Qxe4 Nxe4 34.Rd3 hxg3+ 35.fxg3 Nc5 36.Nf4 Nxd3
37.Nxd5 Nf2 38.Rf1 Ng4+ 39.Kh3 Rxd5  0-1

[Event "TCh-BEL 2005-6"]
[Site "Belgium BEL"]
[Date "2006.03.12"]
[Round "10"]
[White "Parmentier,X"]
[Black "Kaufeld,J"]
[Result "0-1"]
[WhiteElo "2299"]
[BlackElo "2261"]

1.Nf3 Nf6 2.c4 g6 3.g3 Bg7 4.Bg2 O-O 5.O-O d5 6.cxd5 Nxd5 7.Nc3 Nb6 8.b3 Nc6
9.Bb2 e5 10.d3 f5 11.Nd2 Nd4 12.a4 a5 13.e3 Ne6 14.Nc4 Nxc4 15.dxc4 c6 16.Ba3 Re8
17.Qxd8 Rxd8 18.Rfd1 Bf8 19.Rxd8 Nxd8 20.f4 Bxa3 21.Rxa3 exf4 22.exf4 Ne6
23.Ne2 Nc5 24.Nd4 Be6 25.Kf2 Rd8 26.Ke3 Bf7 27.Ra1 Rxd4  0-1

[Event "ch-ARG s/f"]
[Site "Buenos Aires ARG"]
[Date "2006.03.25"]
[Round "5"]
[White "Tobares,L"]
[Black "Toniutti,E"]
[Result "1-0"]
[WhiteElo "2236"]
[BlackElo "2063"]

1.Nf3 Nf6 2.g3 g6 3.Bg2 Bg7 4.c4 O-O 5.Nc3 d6 6.O-O Nbd7 7.d3 c6 8.Rb1 e5
9.e4 Ne8 10.b4 Nc7 11.b5 Ne6 12.bxc6 bxc6 13.Be3 f5 14.exf5 gxf5 15.Nh4 e4
16.dxe4 f4 17.Bd2 Ne5 18.Nf5 Nxc4 19.Be1 Ba6 20.Qa4 Qa5 21.Qxc6 Kh8 22.Nd5 Qxa2
23.Nxg7 Nxg7 24.Bc3 Rac8 25.Qd7  1-0

[Event "KB Bank"]
[Site "Reykjavik ISL"]
[Date "2006.04.12"]
[Round "1"]
[White "Gretarsson,Hj"]
[Black "Van Delft,M"]
[Result "0-1"]
[WhiteElo "2087"]
[BlackElo "2372"]

1.Nf3 Nf6 2.c4 g6 3.g3 Bg7 4.Bg2 O-O 5.O-O d6 6.d4 Nc6 7.Nc3 a6 8.Re1 Rb8
9.Rb1 Bf5 10.e4 Bg4 11.Be3 Nd7 12.Qd2 e5 13.d5 Bxf3 14.Bxf3 Nd4 15.Bg2 c5
16.dxc6 bxc6 17.Bxd4 exd4 18.Ne2 c5 19.Nc1 Ne5 20.b3 Nxc4 21.Qd3 Na3 22.Ra1 Qa5
23.Ne2 Qb5 24.Qxb5 axb5 25.Rad1 c4 26.Nf4 d3 27.Nd5 Rfe8 28.h4 Bd4 29.Kh1 Bxf2
30.Nf6+ Kg7 31.Nxe8+ Rxe8 32.Rf1 Bd4 33.h5 Re7 34.Bf3 Be3 35.Bg2 d2 36.Rf3 c3
37.Rxe3 c2 38.Ree1 dxe1=Q+ 39.Rxe1 d5 40.Kg1 dxe4 41.Kf2 f5 42.hxg6 hxg6
43.Rc1 Kf6 44.g4 Ke5  0-1

[Event "XXXVII Open"]
[Site "Mar del Plata ARG"]
[Date "2006.04.14"]
[Round "8"]
[White "Arambel,S"]
[Black "Ramirez,Em"]
[Result "1/2-1/2"]
[WhiteElo "2307"]
[BlackElo "2293"]

1.Nf3 Nf6 2.g3 g6 3.c4 Bg7 4.Bg2 O-O 5.O-O d6 6.d4 c6 7.Nc3 Nbd7 8.Qc2 Re8
9.Rd1 Qc7 10.b3 e5 11.e4 exd4 12.Nxd4 a5 13.Rb1 Nc5 14.h3 Qe7 15.f3 Nfd7
16.Nce2 Nf8 17.a3 Bd7 18.Bb2 Be5  1/2-1/2

[Event "KB Bank"]
[Site "Reykjavik ISL"]
[Date "2006.04.14"]
[Round "4"]
[White "Gretarsson,Hj"]
[Black "Salama,O"]
[Result "1/2-1/2"]
[WhiteElo "2087"]
[BlackElo "2214"]

1.Nf3 Nf6 2.c4 g6 3.g3 Bg7 4.Bg2 O-O 5.O-O d6 6.d4 Nc6 7.Nc3 e5 8.d5 Ne7
9.e4 Nd7 10.Be3 f5 11.Ng5 Nf6 12.f4 Ng4 13.Bc1 exf4 14.Bxf4 Ne5 15.Qe2 fxe4
16.h3 Nf5 17.Ne6 Bxe6 18.dxe6 Nd4 19.Qxe4 c6 20.Rad1 Nxe6 21.Be3 Rxf1+ 22.Bxf1 Qe7
23.Be2 Nc5 24.Bxc5 dxc5 25.Kg2 Rd8 26.Rxd8+ Qxd8 27.Qe3 Qd4 28.Nd1 Bf6 29.b3 Kg7
30.Qxd4 cxd4 31.Nf2 Kf7 32.Ne4 Be7 33.Nf2 Ke6 34.Nd3 a5 35.Nxe5 Kxe5 36.Bd3 Kd6
37.Kf3 Kc5 38.a3 Bg5 39.Ke4 Bc1 40.b4+ axb4 41.axb4+ Kxb4 42.Kxd4 Bb2+ 43.Ke3 b5
44.cxb5 cxb5 45.h4 Be5 46.Kf3  1/2-1/2

[Event "KB Bank"]
[Site "Reykjavik ISL"]
[Date "2006.04.15"]
[Round "6"]
[White "Gretarsson,Hj"]
[Black "Johannesson,I"]
[Result "0-1"]
[WhiteElo "2087"]
[BlackElo "2269"]

1.Nf3 g6 2.c4 Bg7 3.g3 Nf6 4.Bg2 O-O 5.O-O d5 6.cxd5 Nxd5 7.d4 Nb6 8.Nc3 Nc6
9.e3 Re8 10.Re1 e5 11.d5 Na5 12.e4 c6 13.Bg5 f6 14.Be3 Nac4 15.Qb3 cxd5 16.Nxd5 Be6
17.Rad1 Nxe3 18.Qxe3 Bxd5 19.exd5 Nc4 20.Qb3 Nd6 21.Nd2 Qb6 22.Qxb6 axb6
23.a3 f5 24.Re3 Rec8 25.Rb3 b5 26.Bf1 Rc5 27.Nf3 h6 28.Ne1 Rac8 29.Ng2 Rc1
30.Ne3 f4 31.Rxc1 Rxc1 32.gxf4 exf4 33.Ng2 g5 34.h4 Rb1 35.hxg5 hxg5 36.Rb4 Nc4
37.Nxf4 gxf4 38.Kg2 Rxb2 39.Rxb2 Bxb2 40.a4 Nd6 41.axb5 Kf7 42.Kf3 Be5 43.Bd3 Ke7
44.Kg4 Kd7 45.b6 Bd4 46.f3 Bxb6 47.Kxf4 Bd4 48.Kg5 Ke7 49.Be2 b5 50.Bxb5 Nxb5
51.Kf5 Nd6+ 52.Kg5 Ne8 53.f4 Kd6 54.Kg6 Kxd5 55.Kf7 Nf6 56.Ke7 Ke4 57.Kd6 Kxf4
58.Kc6 Ke5 59.Kb7 Kd6 60.Ka8 Kc6 61.Kb8 Nd5 62.Ka8 Nc7+ 63.Kb8 Bc5 64.Kc8 Ba7
65.Kd8 Nd5 66.Kc8 Ne7+ 67.Kd8 Kd6 68.Ke8 Ke6 69.Kf8 Bd4 70.Ke8 Bb6 71.Kf8 Nf5
72.Kg8 Kf6 73.Kf8 Ng7 74.Kg8 Kg6 75.Kf8 Bc5+ 76.Kg8 Ne8  0-1

[Event "XIII TCh-RUS 1st League"]
[Site "Sochi RUS"]
[Date "2006.04.20"]
[Round "1"]
[White "Maletin,P"]
[Black "Krutko,A"]
[Result "1/2-1/2"]
[WhiteElo "2541"]
[BlackElo "2356"]

1.Nf3 Nf6 2.g3 g6 3.Bg2 Bg7 4.c4 O-O 5.O-O d6 6.d4 Nbd7 7.Nc3 e5 8.e4 a6
9.Qc2 exd4 10.Nxd4 Rb8 11.Rd1 Ne5 12.c5 Re8 13.h3 h6 14.f4 Ned7 15.cxd6 cxd6
16.Be3 Nc5 17.Nc6 bxc6 18.Bxc5 d5 19.e5 Nd7 20.Bf2 Nb6 21.Ne4 Bd7 22.Nc5 Bf5
23.Qe2 f6 24.g4 Bc8 25.e6 f5 26.gxf5 gxf5 27.Rac1 Qd6 28.Qh5 Bxe6 29.Qg6 Nd7
30.Bd4 Re7 31.Bxg7 Rxg7 32.Qxe6+ Qxe6 33.Nxe6 Rg6 34.Nd4 Rxb2 35.Rc2 Rxc2
36.Nxc2 Kf8 37.Ne3 Rf6 38.Bf1 a5 39.Bd3 Nc5 40.Bxf5 Ke7 41.Kf2 Kd6 42.Kf3 a4
43.Bc2  1/2-1/2

[Event "VII TCh-RUS w"]
[Site "Sochi RUS"]
[Date "2006.04.20"]
[Round "1"]
[White "Shumiakina,T"]
[Black "Meleshko,Ann"]
[Result "1-0"]
[WhiteElo "2341"]
[BlackElo "2227"]

1.c4 Nf6 2.Nf3 g6 3.g3 Bg7 4.Bg2 O-O 5.d4 d5 6.O-O dxc4 7.Na3 c3 8.bxc3 c5
9.e3 Nc6 10.Qe2 Bf5 11.Bb2 cxd4 12.cxd4 Be4 13.Nc4 Nb4 14.Rfd1 Rc8 15.a3 Nbd5
16.Rac1 Nb6 17.Ncd2 Bc6 18.Bh3 Bd7 19.Rxc8 Qxc8 20.Rc1 Qd8 21.Bg2 Bc6 22.e4 e6
23.Ne5 Ba4 24.Qe3 Nfd7 25.Nd3 Qb8 26.d5 Bxb2 27.Nxb2 exd5 28.Nxa4 Nxa4 29.exd5 b6
30.Qd4 Nac5 31.Rd1 Rd8 32.d6 Ne6 33.Qa1 Qxd6 34.Ne4 Qe7 35.Rxd7 Rxd7 36.Nf6+ Kf8
37.Nxh7+ Kg8 38.Nf6+ Kf8 39.Nd5  1-0

[Event "TCh-HUN 2005-6"]
[Site "Hungary HUN"]
[Date "2006.04.23"]
[Round "11"]
[White "Korpics,Z"]
[Black "Istvanovszki,M"]
[Result "1-0"]
[WhiteElo "2336"]
[BlackElo "2184"]

1.Nf3 Nf6 2.c4 g6 3.g3 Bg7 4.Bg2 O-O 5.O-O c6 6.d4 d5 7.b3 a5 8.Nc3 Ne4 9.Bb2 a4
10.Nxa4 dxc4 11.Qc2 cxb3 12.axb3 Nf6 13.Ne5 Nbd7 14.Rfd1 Qc7 15.Nd3 Nb6 16.e4 Nxa4
17.bxa4 Nd7 18.e5 Rd8 19.Nb4 e6 20.d5 Nxe5 21.dxc6 Rxd1+ 22.Rxd1 Nxc6 23.Nxc6 bxc6
24.Qxc6 Qxc6 25.Bxc6 Bxb2 26.Bxa8 Ba6 27.Rd6 Bc4 28.a5 Be5 29.Rc6 Bd3 30.a6 Bd4
31.Rd6 e5 32.Rxd4 exd4 33.a7  1-0

[Event "8th Dubai Open"]
[Site "Dubai UAE"]
[Date "2006.04.24"]
[Round "2"]
[White "Pantsulaia,L"]
[Black "Sergeeva,M"]
[Result "1-0"]
[WhiteElo "2611"]
[BlackElo "2355"]

1.Nf3 Nf6 2.c4 g6 3.g3 Bg7 4.Bg2 O-O 5.O-O d6 6.d4 Nbd7 7.Nc3 e5 8.h3 Re8
9.e4 exd4 10.Nxd4 Nc5 11.Re1 h6 12.Kh2 Bd7 13.f4 a5 14.Rb1 h5 15.b3 a4 16.b4 Ne6
17.Be3 c6 18.a3 Qc7 19.Rc1 h4 20.g4 g5 21.fxg5 d5+ 22.Kh1 Nxe4 23.Nxe4 dxe4
24.Nf5 Be5 25.Bxe4 Rad8 26.Rf1 Rf8 27.Qf3 Kh8 28.Nxh4 Ng7 29.Nf5 Be6 30.Qf2 Bxf5
31.gxf5 Kg8 32.Bb6  1-0

[Event "XIII TCh-RUS 1st League"]
[Site "Sochi RUS"]
[Date "2006.04.24"]
[Round "5"]
[White "Maletin,P"]
[Black "Obolenskikh,D"]
[Result "1-0"]
[WhiteElo "2541"]
[BlackElo "2458"]

1.Nf3 Nf6 2.g3 g6 3.Bg2 Bg7 4.c4 O-O 5.O-O d6 6.d4 Nc6 7.Nc3 a6 8.d5 Na5
9.b3 c5 10.dxc6 Nxc6 11.Bb2 Qa5 12.Nd5 Nxd5 13.Bxg7 Nc3 14.Bxc3 Qxc3 15.Rc1 Qa5
16.Qc2 Bf5 17.Qb2 Be4 18.Nh4 Bxg2 19.Nxg2 Qe5 20.Qd2 Rac8 21.Rfd1 Qa5 22.Qb2 Qe5
23.Qd2 Qa5 24.Rc3 Rfe8 25.Ne3 Nb4 26.Rcc1 Rc5 27.a3  1-0

[Event "81st ch-ARG"]
[Site "San Luis ARG"]
[Date "2006.04.26"]
[Round "1"]
[White "Blit,J"]
[Black "Mahia,G"]
[Result "1-0"]
[WhiteElo "2246"]
[BlackElo "2427"]

1.Nf3 Nf6 2.c4 g6 3.g3 Bg7 4.Bg2 O-O 5.d4 d6 6.O-O Nc6 7.Nc3 a6 8.e4 Rb8
9.Rb1 b5 10.cxb5 axb5 11.b4 e5 12.d5 Ne7 13.a4 bxa4 14.b5 Ra8 15.Nd2 Nd7
16.Nxa4 f5 17.f3 Nf6 18.Nc4 Bd7 19.Nc3 Nc8 20.Be3 fxe4 21.fxe4 Ng4 22.Bd2 Rxf1+
23.Qxf1 Bh6 24.Bxh6 Nxh6 25.Bh3 Bxh3 26.Qxh3 Nf7 27.Qe6 Kg7 28.h4 Qe7 29.Qxe7 Nxe7
30.Kf2 Ng8 31.Ke3 Nf6 32.Kd3 Nd7 33.Nd2 Nh6 34.Nf3 Nc5+ 35.Kd2 Rb8 36.Ng5 Ng4
37.Rf1 Nf6 38.Ne6+ Nxe6 39.dxe6  1-0

[Event "4th TCh-SCG"]
[Site "Vrnjacka Banja SCG"]
[Date "2006.05.06"]
[Round "6"]
[White "Stajic,P"]
[Black "Rabrenovic,V"]
[Result "1/2-1/2"]
[WhiteElo "2199"]
[BlackElo "2328"]

1.Nf3 Nf6 2.c4 g6 3.g3 Bg7 4.Bg2 O-O 5.O-O d5 6.d4 Nc6 7.cxd5 Nxd5 8.e4 Nb6
9.d5 Na5 10.Nc3 c6 11.Nd4 e5 12.Nde2 cxd5 13.exd5 Nac4 14.b3 Nd6 15.Ba3 Re8
16.Rc1 Bh6 17.Bxd6 Bxc1 18.Qxc1 Qxd6 19.Nb5 Qd8 20.Nc7 Bg4 21.Nxa8 Bxe2 22.Re1 Nxa8
23.Rxe2 Qd6 24.Rc2 Nb6 25.Rc5 Re7 26.Qc3 f5 27.a4 Kf7 28.a5 Nd7 29.Rc8 Nf6
30.Qc4 e4 31.Bf1 Kg7 32.Qc3 h5 33.a6 Qxd5 34.Bc4 Qd1+ 35.Kg2 Qd6 36.Rg8+ Kh7
37.Rf8 Kg7 38.Rg8+ Kh6 39.Rf8 Kg7 40.Rg8+ Kh6 41.Rf8 Kg7  1/2-1/2